OECD tax policy studies

Detalles Bibliográficos
Autor Corporativo: Organisation for Economic Co-operation and Development
Formato: Electrónico Seriadas
Lenguaje:inglés
Publicado: Paris : OECD, 1999-
Materias:
Acceso en línea:Full text available from Research Library: 01/01/2010 to 6 months ago

MARC

LEADER 00000nas a2200000 a 4500
001 ssj0000399114
003 WaSeSS
005 20200512172242.0
006 m d
007 cr n
008 991223c19999999fr x m s i0 0eng c
010 |a sn 99034974  
016 7 |a 977038599  |2 DE-101 
016 7 |a 2209669-3  |2 DE-600 
016 7 |a 007180794  |2 Uk 
035 |a (WaSeSS)ssj0000399114 
040 |a IUL  |b eng  |c IUL  |d OCLCQ  |d GBVCP  |d OCLCQ  |d OCLCF  |d OCLCO  |d OCLCA  |d AU@  |d UKMGB  |d OCL  |d WaSeSS 
042 |a pcc 
050 4 |a HJ192.5  |b .O732 
245 0 0 |a OECD tax policy studies  |h [electronic resource]. 
246 3 |a Organisation for Economic Co-operation and Development tax policy studies 
260 |a Paris :  |b OECD,  |c 1999- 
310 |a Irregular 
362 0 |a No. 1- 
506 |a License restrictions may limit access. 
650 0 |a Taxation. 
650 7 |a Taxation.  |2 fast  |0 (OCoLC)fst01143876 
655 0 |a Electronic journals. 
710 2 |a Organisation for Economic Co-operation and Development. 
850 |a InU 
856 4 0 |z Full text available from Research Library: 01/01/2010 to 6 months ago  |u https://search.proquest.com/publication/2026389